| 000 | 00899nam a22002297a 4500 | ||
|---|---|---|---|
| 005 | 20170124102941.0 | ||
| 010 | _aB-117254 | ||
| 020 |
_c300.00 _a8171198775 |
||
| 035 | _aB-117254 | ||
| 037 | _bCen Lib/Ret | ||
| 040 |
_aDPL _bHN |
||
| 082 |
_a921 _bनौटिया |
||
| 100 |
_aनौटियाल, विद्यासागर _943015 |
||
| 245 |
_aमोहन गाता जायेगा / _cविद्यासागर नौटियाल |
||
| 246 |
_aMohan gaata jayega / _bby Vidyasagar Nautiyal |
||
| 260 |
_a दिल्ली _bराधाकृष्ण _c2004 |
||
| 270 |
_aजी-17, जगतपुरी _b नयी दिल्ली _e110092 |
||
| 300 |
_avi,275पृ. _c19सेमी(सजिल्द) |
||
| 650 |
_aआत्मकथा _9106450 |
||
| 650 |
_aBiography _97490 |
||
| 942 |
_2ddc _cHN _h921 _mनौटिया |
||
| 999 |
_c112604 _d112604 |
||